| 000 | 02030 a2200361 4500 | ||
|---|---|---|---|
| 001 | OB-msha-19585 | ||
| 003 | FrMaCLE | ||
| 005 | 20251214082528.0 | ||
| 007 | cu ||||||m|||| | ||
| 008 | 191113e||||||||xx |||||s|||||||||0|fr|d | ||
| 020 | _a978-2-85892-585-8 | ||
| 024 | 7 |
_a10.4000/books.msha.19585 _2doi |
|
| 040 | _aFR-FrMaCLE | ||
| 041 | _afra | ||
| 100 | 1 | _aJourdan, Jean-Paul | |
| 245 | 1 | 0 |
_aDu sans-grade au préfet : _bFonctionnaires et employés de l’administration dans les villes de l’Aquitaine (1870-1914) / _cJean-Paul Jourdan. |
| 260 |
_aPessac : _bMaison des Sciences de l’Homme d’Aquitaine, _c2019. |
||
| 300 | _a196 p. | ||
| 500 | _aEbook | ||
| 520 | _a L’histoire du développement administratif au xixe siècle reste mal connue : l’étude des recensements de population des principales villes de l’Aquitaine (Bordeaux et Libourne, Périgueux, Mont-de-Marsan et Dax, Agen et Villeneuve-sur-Lot, Pau et Bayonne) effectués au début de la IIIème république (1872) et au cœur de la Belle Époque (1906) s’efforce d’éclairer cette question. Chemin faisant, l’auteur analyse les composantes de la "société administrative", le monde des petits employés, celui des fonctionnaires. Il en présente les origines géographiques, s’intéresse à leur mobilité spatiale, leur stabilité et aborde ainsi le thème des carrières. Les structures matrimoniales et démographiques, la féminisation de l’administration, la question du rapport entre exercice d’un petit emploi public et promotion sociale ne sont pas non plus ignorées. | ||
| 540 |
_aOpenEdition Books License _uhttps://www.openedition.org/12554 |
||
| 650 | 4 | _aHistory | |
| 650 | 4 | _ahistoire | |
| 650 | 4 | _aadministration | |
| 650 | 4 | _asociété | |
| 650 | 4 | _afonctionnaire | |
| 650 | 4 | _acarrière | |
| 650 | 4 | _adémographie | |
| 650 | 4 | _aféminisation | |
| 650 | 4 | _apetit emploi | |
| 776 | _z978-2-85892-201-7 | ||
| 856 | 4 |
_eJourdan, Jean-Paul _uhttps://books.openedition.org/msha/19585 _yDu sans-grade au préfet |
|
| 999 |
_c597 _d597 |
||